000 00822nam a2200265Ia 4500
003 OSt
005 20220925212449.0
006 a|||||r|||| 00| 0
007 ta
008 220923b |||||||| |||| 00| 0 eng d
020 _a004322077X
037 _cGeneral Book
040 _aRTL
_cRTL
_beng
041 _2eng
_aeng
082 _aV1(W691):3(MV41), M2
100 _aKolkowicz Roman Ed.
_996796
245 0 _aSoldiers peasants, and bureaucrats
_b Civil, milita
260 _aLondon
_bAllen & Unwin U K
_c1982
300 _a340p.
_ccm.
500 _aCentre for international and stratagic affairs
650 _aHistory
700 _a Korbonski Andrzej Ed.
_9276846
942 _hV1(W691):3(MV41), M2
_cGB
_2CC
999 _c560442
_d560442